Представление документа в формате RUSMARC

ПолеНазваниеЗначение
  Тип записи a
  Библиографический уровень m
001 Контрольный номер RU/IS/BASE/485448487
005 Дата корректировки 20250909121222.8
010 Индекс ISBN __
a ISBN 978-5-08-004362-8
b Уточнения в пер.
9 Тираж 5000 экз.
d Цена 120-00
100 Данные общей обработки __
a Данные общей обработки 20230208d2008 d y0rusy028902 ca
101 Язык документа 1_
a Язык текста rus
102 Страна публикации __
a Страна публикации RU
105 Кодированные данные (монография) __
a Кодированные данные (монография) a z 000ay
181 Поле кодированных данных: вид содержания _0
a Код вида содержания (ISBD) i
182 Поле кодированных данных: тип средства _0
a Код типа средства (ISBD) n
200 Заглавие и сведения об ответственности 1_
a Заглавие Жизнь и приключения чудака (чудак из шестого "Б")
e Сведения, относящиеся к заглавию повесть : для среднего школьного возраста
f Первые сведения об ответственности Владимир Железников ; вступительная статья В. М. Акимова ; художник В. Гальдяев
203 Вид содержания и тип средства __
a Вид содержания Текст
c Тип средства непосредственный
210 Выходные данные 1_
a Место издания Москва
c Издательство Детская литература
d Дата издания 2008
215 Физическое описание __
a Объем 186, [2] с.
c Иллюстрации/тип воспроизводства ил.
d Формат 21 см
225 Серия 2_
a Серия Школьная библиотека
330 Аннотация __
a Аннотация В книгу известного детского писателя входит повесть о детях, об их родителях, о школе. Ее главный герой, Боря Збандуто, постоянно попадает в такие ситуации, когда надо принимать быстрые и верные решения.
333 Примечание о целевом назначении __
a Примечание о целевом назначении 12+. Для детей старше 12 лет
606 Тематические рубрики __
a Основная рубрика Художественная литература
2 Код системы nlr_sh
606 Тематические рубрики __
a Основная рубрика Русская литература XX в. (произведения)
2 Код системы nlr_sh
610 Ключевые слова 0_
a Ключевые слова детская литература
610 Ключевые слова 0_
a Ключевые слова повести
610 Ключевые слова 0_
a Ключевые слова повести для детей
610 Ключевые слова 0_
a Ключевые слова тема детей
610 Ключевые слова 0_
a Ключевые слова тема детства
610 Ключевые слова 0_
a Ключевые слова тема жизни
610 Ключевые слова 0_
a Ключевые слова тема приключений
610 Ключевые слова 0_
a Ключевые слова приключения для детей
610 Ключевые слова 0_
a Ключевые слова тема школы
686 Индексы других классификаций __
2 Код системы rubbks
a Классификационный индекс 84(2=411.2)6-4; ст84(2=411.2)6-4
700 Автор _1
a Фамилия Железников
b Имя В. К.
f Даты 1925-2015
g Полное личное имя Владимир Карпович
4 Код отношения 070
702 Вторичная интеллектуальная ответственность _1
a Фамилия Акимов
b Имя В. М.
4 Код отношения 080
702 Вторичная интеллектуальная ответственность _1
a Фамилия Гальдяев
b Имя В. Л.
f Даты 1938-2001
g Полное личное имя Владимир Леонидович
4 Код отношения 440
801 Источник записи _0
a Страна RU
b Организация Муниципальное бюджетное учреждение культуры "Централизованная библиотечная система" г. Сургут (Центральная городская библиотека им. А. С. Пушкина)
c Дата составления 20230208
g Правила каталогизации PSBO
801 Источник записи _1
a Страна RU
b Организация Муниципальное бюджетное учреждение культуры "Централизованная библиотечная система" г. Сургут (Центральная городская библиотека им. А. С. Пушкина)
c Дата составления 20230208
g Правила каталогизации PSBO
852 Данные о местонахождении __
j Шифр хранения 84(2=411.2)6-4
i Авторский знак Ж 51
900 Макрообъекты __
a Макрообъекты Жизнь и приключения чудака (чудак из шестого Б). Железников В. К., 2008
901 Тип документа __
t Тип документа m
a Ответственный ООФиК/Волкова
903 Характеристики (МАРС) __
a Дата передачи 20230208
c Наименование библиотеки (МАРС) Муниципальное бюджетное учреждение культуры "Централизованная библиотечная система" г. Сургут (Центральная городская библиотека им. А. С. Пушкина)
969 Тип издания __
a Тип издания издание для детей
990 Данные о заказе (DOS) __
j Количество экземпляров (DOS) 1
t N записи в КСУ для И/У (DOS) 202304